| 000 | 00333nam a22001451a 4500 | ||
|---|---|---|---|
| 999 |
_c165943 _d165943 |
||
| 020 | _a9788185229430 | ||
| 082 |
_a934 _bIRF/P |
||
| 100 | _aIrfan Habib | ||
| 245 |
_aPrehistory/ _cby Irfan Habib. |
||
| 260 |
_aNew Delhi: _bTulika, _c2007. |
||
| 300 | _a76p. | ||
| 650 | _aHistory India Ancient | ||
| 650 | _aHistory | ||
| 942 | _cBK | ||